Statistics for Super Bowl trivia

Click here to take the quiz!

General Stats

  • This quiz has been taken 16 times
  • The average score is 11 of 14

Answer Stats

QuestionAnswer% Correct
Which two starting quarterbacks won Super Bowls with two different teams?Tom Brady, Peyton Manning
100%
What teams have never appeared in a Super BowlAll of the above
93%
What QB brought his team 6 Super Bowl ringsTom Brady
93%
What NFL legend never won a trophyDan Marino
86%
Who was the first left handed QB to win a RingKen Stabler
86%
Who won Super Bowl 57 MVPPatrick Mahomes
86%
Who made the game Sealing INT in Super Bowl 49Malcom Butler
79%
Who won Super Bowl 56Rams
79%
Who made the game sealing play in Super Bowl 56Aaron Donald
71%
What is the highest score ever by one team in a Super Bowl game?49ers
64%
Who made the famous helmet catchDavid Tyree
64%
What was the first Wildcard team to win the Super BowlRaiders
64%
Who returned a punt return 11 seconds into the second half of Super Bowl 48Percy Harvin
57%
What was the lowest-scoring Super Bowl in history?Super Bowl 53
50%

Score Distribution

Percentile by Number Answered

Percent of People with Each Score

Your Score History

You have not taken this quiz